Statistics for 1970s Albums by Cover

Click here to take the quiz!

General Stats

  • This quiz has been taken 145 times
  • The average score is 14 of 20

Answer Stats

Answer% Correct
{Let} {It} {Be} – {The} {Beatles}
99%
{Aladdin} {Sane} – {David} {Bowie}
96%
{Rumours} – {Fleetwood} {Mac}
86%
{Hotel} {California} – {The} {Eagles}
85%
{Bridge} {Over} {Troubled} {Water} – {Simon} {and} {Garfunkel}
79%
{Arrival} – {ABBA}
76%
{Goodbye} {Yellow} {Brick} {Road} – {Elton} {John}
75%
{Parallel} {Lines} – {Blondie}
72%
{Wish} {You} {Were} {Here} – {Pink} {Floyd}
72%
{London} {Calling} – {The} {Clash}
69%
{A} {Night} {at} {the} {Opera} – {Queen}
68%
{Born} {to} {Run} – {Bruce} {Springsteen}
67%
{Untitled} – {Led} {Zeppelin}
67%
{Who's} {Next} – {The} {Who}
67%
{Blood} {on} {the} {Tracks} – {Bob} {Dylan}
65%
{Paranoid} – {Black} {Sabbath}
59%
{Unknown} {Pleasures} – {Joy} {Division}
46%
{Talking} {Book} – {Stevie} {Wonder}
45%
{Marquee} {Moon} – {Television}
32%
{461} {Ocean} {Boulevard} – {Eric} {Clapton}
29%

Score Distribution

Percentile by Number Answered

Percent of People with Each Score

Your Score History

You have not taken this quiz